Matrimonio, separacin̤ y divorcio comentarios a los artc̕ulos 42 a 107 del Cd̤igo Civil /

Detalles Bibliográficos
Autor principal: Vz̀quez Iruzubieta, Carlos
Formato: Desconocido
Lenguaje:español
Publicado: Barcelona : vLex, 2009
Materias:
Acceso en línea:Acceso restringido

MARC

LEADER 00000ny a22000003n 4500
005 20110614132256.0
008 A10218s2009 sp || 000|0 spa d
035 |a 4608 
040 |a BUS  |d vLex 
080 |a 347.624.1(460) 
080 |a 347.624.1(460)(094.9) 
080 |a 347.627.2/.3(460) 
080 |a 347.627.2/.3(460)(094.9) 
090 |c 669  |d 669 
100 1 |a Vz̀quez Iruzubieta, Carlos 
245 1 0 |a Matrimonio, separacin̤ y divorcio  |h [Recurso electrn̤ico]  |b comentarios a los artc̕ulos 42 a 107 del Cd̤igo Civil /  |c Carlos Vz̀quez Iruzubieta 
256 |a Servicio en ln̕ea 
260 |a Barcelona :  |b vLex,  |c 2009 
300 |a p. ;  |c cm 
506 1 |a Contenido solo disponible en los productos indicados  |d vLex Global  |d vLex Global (Academic Edition, excluding Law Schools)  |d vLex Global (U.S. Academic Edition, Law Schools)  |d vLex Global (U.S. Academic Edition, excluding Law Schools)  |d vLex Global (Academic Edition, Law Schools) 
650 0 7 |a Matrimonio  |2 Tesauro vLex 
650 0 7 |a Divorcio  |2 Tesauro vLex 
650 0 7 |a Separacin̤ matrimonial  |2 Tesauro vLex 
650 0 7 |2 Tesauro vLex  |a Familia 
740 0 |a vLex Libros (Servicios en ln̕ea) 
856 4 0 |z Acceso restringido  |u http://vlex.com/source/matrimonio-nulidad-separacion-divorcio-comentario-codigo-civil-4608 
942 |c BOOK 
999 0 |a Marriage  |b Barcelona